000 00801nas a2200253 4500
001 BR9100627
003 BR-BrBNA
005 20231205091920.0
007 ta
008 230509b bl.|||p| |||| 00| 00por d
040 _aBR-BrBNA
_bpor
_cBiblioteca Nacional de Agricultura
041 _a(Pt)
072 _aF50
100 1 _aSimoes, M.O.M.
100 1 _aSilva, E.A.M.
100 1 _aTeixeira, S.L.
245 1 _aEstudo anatomico de raizes de Citrus sinensis (Linn.)Osbeck, cv. Pera, desenvolvidas "in vitro" e em verniculita
_bParte de tese
650 _aLARANJA PERA
650 _aANATOMIA VEGETAL
650 _aRAIZ
773 0 _tRevista Ceres (Brazil)
_xISSN 0034-737X
_g(Sep-Oct 1989), v. 36(207) p. 458-463
_wBR9100627
909 _a202311
_bLúcia
_c55
_dLúcia Elande
942 _2AGRIS
_n0
_cANA
999 _c128122
_d128122